000 00608nam a2200193 a 4500
001 000019052
005 20240412074248.0
008 100525s2009 dr a 000 0 spa d
040 _aDO-SdBNP
_bspa
_cBNPHU
082 _aRD863.44
_bV161j
100 1 _aValenzuela, Carl
_96576
245 1 0 _aJunto a la hoguera /
_cCarl Valenzuela, Gina Medina Farias.
260 _aSan Juan de la Maguana, República Dominicana :
_bLogos,
_c2009.
300 _a96 p. :
_bil. ;
_c20 cm.
650 0 _aCuentos dominicanos
_9176
650 0 _aLiteratura dominicana.
_967
700 1 _aMedina Farias, Gina
_940996
049 _aBNPD
999 _c18570
_d18570